| 000 | 00628cam a2200205 4500 | ||
|---|---|---|---|
| 001 | D8394 | ||
| 008 | 090401t1968 xxu||||| |||| 00| 0 eng d | ||
| 035 | _a(Sirsi) u12675 | ||
| 041 | _aeng | ||
| 050 | _a692.3 | ||
| 110 |
_aRoyal Institution of Chartered Surveyors _94900 |
||
| 245 | _aCode for measurement of building works in small dwellings, authorised by agreement between RICS and The National Federation of Building Trades Employers | ||
| 250 | _a2nd metric | ||
| 260 |
_aLondon _bRICS _c1968 |
||
| 300 | _aviii. 18p. 30cm | ||
| 350 | _a0 | ||
| 520 | _aFiled at SMM 1968/2BCDE | ||
| 942 | _n0 | ||
| 948 | _c04/03/1997 | ||
| 999 |
_c87021 _d87021 |
||